ARRUPE JESUIT UNIVERSITY

CORONAVIRUS -STOP THE SPREAD - CLEAN,DISINFECT,COVER

By means of performance : (Record no. 125806)

MARC details
000 -LEADER
fixed length control field 01028cam a2200301 a 4500
001 - CONTROL NUMBER
control field 549972
003 - CONTROL NUMBER IDENTIFIER
control field ARRUPE
005 - DATE AND TIME OF LATEST TRANSACTION
control field 20161129114346.0
008 - FIXED-LENGTH DATA ELEMENTS--GENERAL INFORMATION
fixed length control field 881103s1990 enka b 011 0 eng
010 ## - LIBRARY OF CONGRESS CONTROL NUMBER
LC control number 88037458
020 ## - INTERNATIONAL STANDARD BOOK NUMBER
International Standard Book Number 0521326087
020 ## - INTERNATIONAL STANDARD BOOK NUMBER
International Standard Book Number 0521339154 (pbk.)
040 ## - CATALOGING SOURCE
Original cataloging agency DLC
Transcribing agency DLC
Modifying agency DLC
050 00 - LIBRARY OF CONGRESS CALL NUMBER
Classification number PN2039.B9 1989
082 00 - DEWEY DECIMAL CLASSIFICATION NUMBER
Classification number 306/.484
Edition number 19
300 ## - PHYSICAL DESCRIPTION
Other physical details ill. ;
Dimensions 23 cm.
100 ## - MAIN ENTRY--PERSONAL NAME
Personal name Schechner, Richard
9 (RLIN) 23176
245 00 - TITLE STATEMENT
Title By means of performance :
Remainder of title intercultural studies of theatre and ritual /
Statement of responsibility, etc edited by Richard Schechner and Willa Appel.
260 ## - PUBLICATION, DISTRIBUTION, ETC. (IMPRINT)
Place of publication, distribution, etc New York :
Name of publisher, distributor, etc Cambridge University Press,
Date of publication, distribution, etc 1989.
300 ## - PHYSICAL DESCRIPTION
Extent xv, 298 p.;
600 10 - SUBJECT ADDED ENTRY--PERSONAL NAME
Personal name Turner, Victor W.
Fuller form of name (Victor Witter),
Dates associated with a name 1920-1983.
9 (RLIN) 27686
650 #0 - SUBJECT ADDED ENTRY--TOPICAL TERM
Topical term or geographic name as entry element Theater and society.
9 (RLIN) 23434
650 #0 - SUBJECT ADDED ENTRY--TOPICAL TERM
Topical term or geographic name as entry element Performing arts
General subdivision Philosophy.
9 (RLIN) 27687
650 #0 - SUBJECT ADDED ENTRY--TOPICAL TERM
Topical term or geographic name as entry element Rites and ceremonies.
9 (RLIN) 1907
700 1# - ADDED ENTRY--PERSONAL NAME
Personal name Schechner, Richard,
Dates associated with a name 1934-
9 (RLIN) 27688
700 1# - ADDED ENTRY--PERSONAL NAME
Personal name Appel, Willa.
9 (RLIN) 27689
906 ## - LOCAL DATA ELEMENT F, LDF (RLIN)
a 7
b cbc
c orignew
d 1
e ocip
f 19
g y-gencatlg
942 ## - ADDED ENTRY ELEMENTS (KOHA)
Source of classification or shelving scheme Library of Congress Classification
Koha item type Monograph ( Printed materials)
Holdings
Withdrawn status Lost status Source of classification or shelving scheme Damaged status Not for loan Collection code Home library Current library Shelving location Date acquired Total Checkouts Full call number Barcode Date last seen Price effective from Koha item type
    Library of Congress Classification     Main Collection ARRUPE LIBRARY ARRUPE LIBRARY Main Collection 29/11/2016   PN2039.B9 1989 46500010741 27/03/2019 29/11/2016 Monograph ( Printed materials)

 

Arrupe Library. PO Box MP320 Mt Pleasant, Harare, Zimbabwe
263 242 745411|librarian@aju.ac.zw